<?xml version="1.0" encoding="UTF-8"?>
<record
    xmlns:xsi="http://www.w3.org/2001/XMLSchema-instance"
    xsi:schemaLocation="http://www.loc.gov/MARC21/slim http://www.loc.gov/standards/marcxml/schema/MARC21slim.xsd"
    xmlns="http://www.loc.gov/MARC21/slim">

  <leader>00941nam a2200145 i 4500</leader>
  <controlfield tag="001">163151</controlfield>
  <controlfield tag="003">ES-MaACL</controlfield>
  <controlfield tag="005">20230906212702.0</controlfield>
  <controlfield tag="008">181003s1878    sp     | |||||||| ||spa d</controlfield>
  <datafield tag="245" ind1="0" ind2="0">
    <subfield code="a">Dictamen y bases para el establecimiento de una colonia penitenciaria</subfield>
    <subfield code="b">: formulados por la Comisi&#xF3;n nombrada al efecto por la Excelent&#xED;sima Diputaci&#xF3;n Provincial de Barcelona, con las modificaciones introducidas por esta Corporaci&#xF3;n al discutirlos y aprobarlos : presentados al Congreso Penitenciario Internacional de Estocolmo, por el delegado de la Excma. Diputaci&#xF3;n.</subfield>
  </datafield>
  <datafield tag="260" ind1=" " ind2=" ">
    <subfield code="a">Barcelona : </subfield>
    <subfield code="b">[s.n.], </subfield>
    <subfield code="c">1878 (</subfield>
    <subfield code="f">Imp. de la Renaixensa)</subfield>
  </datafield>
  <datafield tag="300" ind1=" " ind2=" ">
    <subfield code="a">38 p. ; </subfield>
    <subfield code="c">23 cm.</subfield>
  </datafield>
  <datafield tag="650" ind1=" " ind2="4">
    <subfield code="a">Establecimientos penitenciarios-</subfield>
    <subfield code="z">Barcelona.</subfield>
    <subfield code="9">141899</subfield>
  </datafield>
  <datafield tag="852" ind1=" " ind2=" ">
    <subfield code="a">ES-MaACL</subfield>
    <subfield code="j">D-134(11) </subfield>
    <subfield code="z">- Enc. hol. </subfield>
    <subfield code="z">.-  Donativo Lastres </subfield>
    <subfield code="q">- Ejemp. sin port. </subfield>
    <subfield code="z">- Enc. en un vol. facticio, formando parte de la col. facticia "Estudios penitenciarios", folletos, 1</subfield>
  </datafield>
  <datafield tag="999" ind1=" " ind2=" ">
    <subfield code="c">163151</subfield>
    <subfield code="d">163151</subfield>
  </datafield>
  <datafield tag="952" ind1=" " ind2=" ">
    <subfield code="0">0</subfield>
    <subfield code="1">0</subfield>
    <subfield code="2">udc</subfield>
    <subfield code="4">0</subfield>
    <subfield code="7">0</subfield>
    <subfield code="8">Colecci&#xF3;n_de_folletos</subfield>
    <subfield code="a">ATENEOM</subfield>
    <subfield code="b">ATENEOM</subfield>
    <subfield code="c">SVI</subfield>
    <subfield code="d">2008-01-17</subfield>
    <subfield code="l">0</subfield>
    <subfield code="o">D-134(11)</subfield>
    <subfield code="p">901170964</subfield>
    <subfield code="r">2023-02-23 00:00:00</subfield>
    <subfield code="w">2023-02-23</subfield>
    <subfield code="y">FOLLETOS</subfield>
  </datafield>
</record>
